[Event "Euskadi-ch"]
[Site "Getxo"]
[Date "2023.04.15"]
[Round "5.8"]
[White "Varas, Carlos"]
[Black "Parkhurst Casas, Miriam"]
[Result "1/2-1/2"]
[WhiteElo "2155"]
[BlackElo "1917"]
[PlyCount "43"]
[EventDate "2023.04.12"]
[EventType "swiss"]
[EventRounds "7"]
[EventCountry "ESP"]
[SourceTitle "EXT 2024"]
[Source "ChessBase"]
[SourceDate "2023.10.10"]
[SourceVersion "1"]
[SourceVersionDate "2023.10.10"]
[SourceQuality "1"]

1. e4 e5 2. Nf3 Nc6 3. Nc3 Nf6 4. d4 Bb4 5. Nxe5 Qe7 6. Nxc6 Qxe4+ 7. Be2 dxc6 8. 0-0 Bxc3 9. bxc3 0-0 10. Bd3 Qh4 11. Qf3 Be6 12. a4 a5 13. Re1 Rfe8 14. Bd2 Bd5 15. Qf4 Qxf4 16. Bxf4 Rac8 17. f3 h6 18. Kf2 Kf8 19. g4 Be6 20. Bd2 Rcd8 21. h4 Nd5 22. g5 1/2-1/2

[Event "Euskadi-ch"]
[Site "Getxo"]
[Date "2023.04.14"]
[Round "4.9"]
[White "Rodriguez Parra, Francisco Javier"]
[Black "Parkhurst Casas, Miriam"]
[Result "1/2-1/2"]
[WhiteElo "1659"]
[BlackElo "1917"]
[PlyCount "75"]
[EventDate "2023.04.12"]
[EventType "swiss"]
[EventRounds "7"]
[EventCountry "ESP"]
[SourceTitle "EXT 2024"]
[Source "ChessBase"]
[SourceDate "2023.10.10"]
[SourceVersion "1"]
[SourceVersionDate "2023.10.10"]
[SourceQuality "1"]

1. d4 Nf6 2. c4 e6 3. Nf3 Bb4+ 4. Bd2 c5 5. g3 Nc6 6. Bg2 Qb6 7. dxc5 Bxc5 8. 0-0 Ne4 9. Be1 Qxb2 10. Qb3 Qxe2 11. Nc3 Nxc3 12. Bxc3 Qd3 13. Rad1 Qg6 14. Nh4 Qg5 15. Qb2 f6 16. Nf3 Qg6 17. Rfe1 0-0 18. Nh4 Qf7 19. Be4 Rb8 20. Nf5 Kh8 21. Nd6 Qe7 22. Nb5 a6 23. Nd4 Bxd4 24. Bxd4 Nxd4 25. Qxd4 b5 26. Qa7 Bb7 27. Bxb7 d6 28. Qxa6 Qxb7 29. cxb5 Qxa6 30. bxa6 Rb6 31. a7 Ra6 32. Rxe6 Rxa7 33. Rexd6 Rxa2 34. Rd8 Ra8 35. Rxf8+ Rxf8 36. Rd7 h6 37. Kg2 Kh7 38. h4 1/2-1/2

[Event "Euskadi-ch"]
[Site "Getxo"]
[Date "2022.04.21"]
[Round "4.3"]
[White "Prieto Aranguren, Alain"]
[Black "Parkhurst Casas, Miriam"]
[Result "1-0"]
[WhiteElo "2262"]
[BlackElo "1961"]
[PlyCount "167"]
[EventDate "2022.04.19"]
[EventType "swiss"]
[EventRounds "5"]
[EventCountry "ESP"]
[SourceTitle "EXT 2024"]
[Source "ChessBase"]
[SourceDate "2023.10.10"]
[SourceVersion "1"]
[SourceVersionDate "2023.10.10"]
[SourceQuality "1"]

1. d4 Nf6 2. c4 e6 3. Nc3 Bb4 4. e3 c5 5. Bd3 0-0 6. Nf3 d5 7. cxd5 Nxd5 8. Bd2 cxd4 9. exd4 b6 10. Qc2 h6 11. Nxd5 Bxd2+ 12. Nxd2 exd5 13. 0-0 Bb7 14. Rac1 Nc6 15. Qa4 Qf6 16. Nf3 a6 17. Bb1 g6 18. Qd1 Rfe8 19. Qd2 Kg7 20. Rfe1 Rac8 21. h3 Na5 22. b3 Rxc1 23. Qxc1 Rxe1+ 24. Qxe1 Nc6 25. Qe3 Qe6 26. Qd2 Qd6 27. Bd3 Qb4 28. Qf4 Qe7 29. Kh2 b5 30. h4 Qf6 31. Qe3 Qe7 32. Qxe7 Nxe7 33. a3 f5 34. Kg3 Kf6 35. Kf4 g5+ 36. hxg5+ hxg5+ 37. Ke3 f4+ 38. Kd2 Nf5 39. Bxf5 Kxf5 40. Kd3 g4 41. Ne5 Bc8 42. g3 Bb7 43. Nf7 Bc6 44. Ne5 Be8 45. Kc3 a5 46. b4 a4 47. Kd3 fxg3 48. fxg3 Kg5 49. Ke3 Kf5 50. Nd3 Kg5 51. Nf4 Bf7 52. Ne2 Be8 53. Nc1 Bg6 54. Na2 Be8 55. Nc3 Bc6 56. Nd1 Be8 57. Kd3 Bg6+ 58. Kd2 Be8 59. Ke2 Bd7 60. Ne3 Be6 61. Kd3 Bf5+ 62. Kd2 Be6 63. Nd1 Bd7 64. Ke2 Be8 65. Ne3 Bf7 66. Ng2 Kf5 67. Kd3 Kg5 68. Ne3 Bg6+ 69. Kd2 Bf7 70. Nd1 Be8 71. Ke2 Bd7 72. Ke3 Be8 73. Nc3 Bc6 74. Ne2 Be8 75. Nf4 Bf7 76. Nd3 Bg8 77. Nc5 Bf7 78. Kd3 Bg6+ 79. Ke2 Bf7 80. Ke3 Bg6 81. Ne6+ Kf5 82. Nc7 Kg5 83. Nxb5 Be8 84. Nc3 1-0

[Event "Euskadi-ch"]
[Site "Getxo"]
[Date "2022.04.20"]
[Round "3.6"]
[White "Ruiz Turrillas, Alfredo"]
[Black "Parkhurst Casas, Miriam"]
[Result "0-1"]
[WhiteElo "1756"]
[BlackElo "1961"]
[PlyCount "97"]
[EventDate "2022.04.19"]
[EventType "swiss"]
[EventRounds "5"]
[EventCountry "ESP"]
[SourceTitle "EXT 2024"]
[Source "ChessBase"]
[SourceDate "2023.10.10"]
[SourceVersion "1"]
[SourceVersionDate "2023.10.10"]
[SourceQuality "1"]

1. e4 e5 2. f4 d5 3. exd5 e4 4. Bb5+ c6 5. dxc6 bxc6 6. Bc4 Nf6 7. d4 Bb4+ 8. c3 Bd6 9. Ne2 0-0 10. Nd2 Nbd7 11. 0-0 Nb6 12. Bb3 Ba6 13. a4 e3 14. Nf3 Ng4 15. Ne5 Nf2 16. Rxf2 exf2+ 17. Kxf2 Bxe5 18. fxe5 Qh4+ 19. Ng3 Qxh2 20. Qf3 Qh4 21. Be3 Bd3 22. Rh1 Qd8 23. Ne4 Bxe4 24. Qxe4 g6 25. Qxc6 Rb8 26. Bc1 Nd7 27. Ba2 Qe7 28. Qe4 Rfe8 29. Re1 Nf6 30. Qf3 Nh5 31. Rh1 Ng7 32. Qh3 h5 33. g4 Kf8 34. b4 Qd7 35. gxh5 Qxa4 36. Bd5 Qc2+ 37. Kf3 Qxc3+ 38. Be3 Nf5 39. Kf4 Rxb4 40. hxg6 Nxe3 41. Qh8+ Ke7 42. Qf6+ Kd7 43. Qxf7+ Re7 44. Be6+ Kc6 45. Qxe7 Qxd4+ 46. Kg5 Qf4+ 47. Kh5 Qxe5+ 48. Qg5 Qh8+ 49. Qh6 0-1

[Event "Euskadi-ch"]
[Site "Getxo"]
[Date "2022.04.19"]
[Round "1.2"]
[White "Argandona Riveiro, Inigo"]
[Black "Parkhurst Casas, Miriam"]
[Result "1-0"]
[WhiteElo "2385"]
[BlackElo "1961"]
[PlyCount "43"]
[EventDate "2022.04.19"]
[EventType "swiss"]
[EventRounds "5"]
[EventCountry "ESP"]
[SourceTitle "EXT 2024"]
[Source "ChessBase"]
[SourceDate "2023.10.10"]
[SourceVersion "1"]
[SourceVersionDate "2023.10.10"]
[SourceQuality "1"]

1. Nf3 Nf6 2. c4 e6 3. g3 c5 4. Bg2 Nc6 5. 0-0 Be7 6. Nc3 0-0 7. d4 cxd4 8. Nxd4 Nxd4 9. Qxd4 a6 10. Rd1 Qc7 11. Bf4 Qc5 12. Qxc5 Bxc5 13. Na4 Ba7 14. Bd6 Re8 15. c5 Bb8 16. Nb6 Bxd6 17. cxd6 Rb8 18. Rac1 Rd8 19. f4 Ne8 20. e4 f5 21. e5 g6 22. Rc3 1-0

[Event "MEX-ch 26 (Women)"]
[Site "Merida"]
[Date "2019.05.16"]
[Round "5"]
[White "Parkhurst Casas, Miriam"]
[Black "Avila Fraire, Ameyalli"]
[Result "1/2-1/2"]
[WhiteElo "1836"]
[BlackElo "2038"]
[PlyCount "120"]
[EventDate "2019.05.12"]
[EventType "swiss"]
[EventRounds "6"]
[EventCountry "MEX"]
[SourceTitle "EXT 2020"]
[Source "ChessBase"]
[SourceDate "2019.10.17"]
[SourceVersion "1"]
[SourceVersionDate "2019.10.17"]
[SourceQuality "1"]

1. e4 c5 2. Nf3 d6 3. d4 cxd4 4. Nxd4 Nf6 5. Nc3 Nc6 6. Bg5 e6 7. f3 a6 8. Qd2 Be7 9. 0-0-0 Nxd4 10. Qxd4 b5 11. Bxf6 Bxf6 12. Qxd6 Qxd6 13. Rxd6 Be5 14. Rd1 Ke7 15. Ne2 g5 16. g3 Bb7 17. Bg2 Rhg8 18. Rd3 Rad8 19. Rhd1 h5 20. Rxd8 Rxd8 21. Rxd8 Kxd8 22. c3 Ke7 23. f4 gxf4 24. gxf4 Bc7 25. Kd2 f5 26. Ke3 h4 27. Nd4 Bb6 28. Bf3 fxe4 29. Bxe4 Bc8 30. Kd3 Bc7 31. Ke3 Bb6 32. Kf3 Kf6 33. Ne2 e5 34. fxe5+ Kxe5 35. Bd3 Be6 36. a4 bxa4 37. Bxa6 Bc5 38. Bb5 a3 39. bxa3 Bxa3 40. Nf4 Bd5+ 41. Kg4 Be6+ 42. Nxe6 Kxe6 43. Kxh4 Kf6 44. Kg4 Bd6 45. h4 Kg7 46. Kf5 Bg3 47. h5 Be1 48. c4 Bf2 49. Ke6 Be3 50. Be8 Bf2 51. Bg6 Be3 52. Kd5 Bf2 53. c5 Bxc5 54. Kxc5 Kh8 55. Kd6 Kg7 56. Ke7 Kh8 57. Kf6 Kg8 58. Be4 Kh8 59. Kg6 Kg8 60. Bd5+ Kh8 1/2-1/2

[Event "MEX-ch 26 (Women)"]
[Site "Merida"]
[Date "2019.05.13"]
[Round "2"]
[White "Davila Serrano, Diana"]
[Black "Parkhurst Casas, Miriam"]
[Result "1/2-1/2"]
[WhiteElo "1779"]
[BlackElo "1836"]
[PlyCount "47"]
[EventDate "2019.05.12"]
[EventType "swiss"]
[EventRounds "6"]
[EventCountry "MEX"]
[SourceTitle "EXT 2020"]
[Source "ChessBase"]
[SourceDate "2019.10.17"]
[SourceVersion "1"]
[SourceVersionDate "2019.10.17"]
[SourceQuality "1"]

1. e4 e5 2. Nf3 Nc6 3. Bb5 Nge7 4. 0-0 g6 5. c3 a6 6. Ba4 Bg7 7. d4 exd4 8. cxd4 b5 9. Bc2 d6 10. h3 0-0 11. Be3 Na5 12. Nbd2 c5 13. a4 b4 14. dxc5 Bxb2 15. Rb1 Bc3 16. Nb3 Nc4 17. Bh6 Re8 18. Qe2 Na3 19. Rbd1 d5 20. exd5 Nf5 21. Be3 Nxe3 22. fxe3 Nxc2 23. Qxc2 Rxe3 24. Qf2 1/2-1/2

[Event "Olympiad Women-42"]
[Site "Baku"]
[Date "2016.09.12"]
[Round "10.3"]
[White "Parkhurst Casas, Miriam"]
[Black "Shabanaj, Alda"]
[Result "1-0"]
[WhiteElo "1993"]
[BlackElo "1881"]
[PlyCount "115"]
[EventDate "2016.09.02"]
[EventType "team-swiss"]
[EventRounds "11"]
[EventCountry "AZE"]
[SourceTitle "CBM 174 Extra"]
[Source "ChessBase"]
[SourceDate "2016.10.10"]
[SourceVersion "1"]
[SourceVersionDate "2016.10.10"]
[SourceQuality "1"]
[WhiteTeam "Mexico (W)"]
[BlackTeam "Albania (W)"]
[WhiteTeamCountry "MEX"]
[BlackTeamCountry "ALB"]

1. e4 c6 2. d4 d5 3. Nc3 dxe4 4. Nxe4 Bf5 5. Ng3 Bg6 6. Nh3 h6 7. Nf4 Bh7 8. Bc4 Nf6 9. 0-0 Nbd7 10. Re1 Nb6 11. Bb3 g5 12. Nfh5 Qd6 13. c4 Nbd7 14. c5 Qc7 15. Qf3 0-0-0 16. Bxf7 Nxh5 17. Nxh5 e5 18. Nf6 Bg7 19. Nxd7 e4 20. Qh3 Rxd7 21. Be6 Rhd8 22. Be3 Kb8 23. Bxd7 Rxd7 24. b4 Rd5 25. Rad1 Qd8 26. Qh5 Qd7 27. h3 Bf5 28. Qe2 g4 29. h4 g3 30. Bf4+ Kc8 31. Bxg3 Bxd4 32. Kh2 Bg4 33. f3 exf3 34. Qe8+ Qxe8 35. Rxe8+ Kd7 36. Rde1 Bf6 37. gxf3 Bxf3 38. Rf8 Rd2+ 39. Kh3 Bg2+ 40. Kg4 Rd4+ 41. Kh5 Bd8 42. Rf7+ Kc8 43. Re8 Rd7 44. Rxd7 Kxd7 45. Rh8 Bd5 46. Rh7+ Ke6 47. Rxb7 Kf5 48. Rxa7 Bf6 49. Kxh6 Bc3 50. a3 Kg4 51. Bf2 Kf3 52. Bg1 Kg4 53. Be3 Kxh4 54. Bg5+ Kg4 55. Rd7 Bc4 56. a4 Kf5 57. Rd6 Ke5 58. Bf6+ 1-0

[Event "Olympiad Women-42"]
[Site "Baku"]
[Date "2016.09.10"]
[Round "8.3"]
[White "Erneste, Inguna"]
[Black "Parkhurst Casas, Miriam"]
[Result "1/2-1/2"]
[WhiteElo "2178"]
[BlackElo "1993"]
[PlyCount "61"]
[EventDate "2016.09.02"]
[EventType "team-swiss"]
[EventRounds "11"]
[EventCountry "AZE"]
[SourceTitle "CBM 174 Extra"]
[Source "ChessBase"]
[SourceDate "2016.10.10"]
[SourceVersion "1"]
[SourceVersionDate "2016.10.10"]
[SourceQuality "1"]
[WhiteTeam "Latvia (W)"]
[BlackTeam "Mexico (W)"]
[WhiteTeamCountry "LAT"]
[BlackTeamCountry "MEX"]

1. e4 e5 2. Nf3 Nc6 3. Bb5 a6 4. Ba4 Nf6 5. 0-0 b5 6. Bb3 Bb7 7. Re1 Bc5 8. c3 d6 9. d4 Bb6 10. h3 h6 11. a3 0-0 12. Bc2 Re8 13. dxe5 dxe5 14. Nbd2 Nh5 15. Nf1 Nf4 16. Qxd8 Raxd8 17. Be3 Nd3 18. Bxd3 Rxd3 19. Bxb6 cxb6 20. Rad1 Red8 21. Rxd3 Rxd3 22. N1d2 f6 23. Kf1 Na5 24. Ke2 Rd8 25. Nh2 Nc4 26. Nxc4 bxc4 27. f3 Kf7 28. Ng4 Bc8 29. Ne3 Be6 30. Rd1 Rxd1 31. Kxd1 1/2-1/2

[Event "Pan American-ch U20 Girls"]
[Site "San Salvador"]
[Date "2015.07.20"]
[Round "7"]
[White "Gutierrez Espinosa, Karen"]
[Black "Parkhurst Casas, Miriam"]
[Result "1/2-1/2"]
[WhiteElo "2078"]
[BlackElo "1869"]
[PlyCount "65"]
[EventDate "2015.07.16"]
[EventType "tourn"]
[EventRounds "9"]
[EventCountry "ESA"]
[SourceTitle "EXT 2016"]
[Source "ChessBase"]
[SourceDate "2015.10.08"]
[SourceVersion "1"]
[SourceVersionDate "2015.10.08"]
[SourceQuality "1"]

1. e4 e5 2. Nf3 Nc6 3. Bb5 Nge7 4. 0-0 g6 5. d4 exd4 6. Nxd4 Bg7 7. Be3 0-0 8. Nc3 d6 9. Qd2 a6 10. Bc4 Nxd4 11. Bxd4 Bxd4 12. Qxd4 c5 13. Qf6 b5 14. Bxb5 axb5 15. Nxb5 Ba6 16. c4 Bxb5 17. cxb5 Nc6 18. Qxd8 Nxd8 19. Rfd1 Nb7 20. a4 f5 21. e5 dxe5 22. f3 Na5 23. Rd7 Rfd8 24. Re7 Rd2 25. Rxe5 Rxb2 26. Rd1 Nc4 27. Re7 Rd2 28. Rxd2 Nxd2 29. a5 Nc4 30. b6 Nxa5 31. Ra7 Rb8 32. Rxa5 Rxb6 33. Rxc5 1/2-1/2

[Event "Pan American-ch U18 Girls 24th"]
[Site "Pocos de Caldas"]
[Date "2013.07.29"]
[Round "6"]
[White "Mendez Tovar, Jessica Yissel"]
[Black "Parkhurst Casas, Miriam"]
[Result "0-1"]
[WhiteElo "1843"]
[BlackElo "1756"]
[PlyCount "107"]
[EventDate "2013.07.26"]
[EventType "swiss"]
[EventRounds "9"]
[EventCountry "BRA"]
[SourceTitle "EXT 2018"]
[Source "ChessBase"]
[SourceDate "2017.10.13"]
[SourceVersion "1"]
[SourceVersionDate "2017.10.13"]
[SourceQuality "1"]

1. d4 Nf6 2. c4 e6 3. Nc3 Bb4 4. Qc2 c5 5. e3 b6 6. Be2 Bb7 7. Bf3 Nc6 8. Nge2 cxd4 9. exd4 Be7 10. a3 d5 11. cxd5 Nxd5 12. 0-0 Nxc3 13. bxc3 0-0 14. Be4 h6 15. Rd1 Bd6 16. Qd3 Qc7 17. g3 a5 18. Nf4 Rfd8 19. Qe2 a4 20. Nh5 Qe7 21. Qe3 Qf8 22. Qf3 Rac8 23. Qe2 Qe7 24. Nxg7 Kxg7 25. Qg4+ Kf8 26. Bxh6+ Ke8 27. Bg5 f6 28. Bg6+ Kd7 29. d5 fxg5 30. dxc6+ Bxc6 31. Re1 Rf8 32. Re2 b5 33. Rd2 Qf6 34. Rad1 Ke7 35. Be4 Rfd8 36. Bxc6 Rxc6 37. Qe4 Rb6 38. Qh7+ Qf7 39. Qh6 Qg8 40. Re1 Bxa3 41. Rxd8 Kxd8 42. Qf6+ Kc7 43. Qe5+ Kb7 44. Rd1 Ka6 45. Rd7 Qc8 46. Rg7 Qc5 47. Qe4 Qd5 48. Qg4 Rd6 49. Qh3 Qc5 50. Qh8 Rd1+ 51. Kg2 Qd5+ 52. Kh3 Qf5+ 53. Kg2 Qd5+ 54. Kh3 0-1

[Event "Pan American-ch U18 Girls 24th"]
[Site "Pocos de Caldas"]
[Date "2013.07.28"]
[Round "4"]
[White "Parkhurst Casas, Miriam"]
[Black "Rodrigues, Fernanda dos Santos"]
[Result "0-1"]
[WhiteElo "1756"]
[BlackElo "1889"]
[PlyCount "126"]
[EventDate "2013.07.26"]
[EventType "swiss"]
[EventRounds "9"]
[EventCountry "BRA"]
[SourceTitle "EXT 2018"]
[Source "ChessBase"]
[SourceDate "2017.10.13"]
[SourceVersion "1"]
[SourceVersionDate "2017.10.13"]
[SourceQuality "1"]

1. e4 e6 2. d4 d5 3. e5 c5 4. c3 Qb6 5. Nf3 Nc6 6. a3 Bd7 7. Be2 Rc8 8. 0-0 a5 9. dxc5 Bxc5 10. b4 Bf8 11. Re1 Nge7 12. b5 Nd8 13. Be3 Qc7 14. b6 Qb8 15. Bf4 Ng6 16. Bg3 Bc5 17. Qb3 a4 18. Qb2 Rc6 19. Bb5 Rxb6 20. Bxd7+ Kxd7 21. Qc2 Qa7 22. c4 d4 23. Rd1 Kc7 24. Nbd2 Nc6 25. Ne4 Rb3 26. Nfg5 Rf8 27. Nxh7 Rd8 28. Nd6 Bxd6 29. exd6+ Kc8 30. Ng5 Nge5 31. Bxe5 Nxe5 32. c5 d3 33. Qd2 Kb8 34. Rdc1 Rb5 35. Qf4 Rxc5 36. d7 Rxd7 37. Nxe6 Rcd5 38. Nxg7 Qd4 39. Qxd4 Rxd4 40. Nf5 Rc4 41. Rd1 Rc3 42. Ne3 Rd4 43. Kf1 Ka7 44. f3 Ka6 45. Ke1 d2+ 46. Ke2 Rdd3 47. Nf1 Nc4 48. h4 Rxa3 49. Rxa3 Rxa3 50. Nxd2 Nxd2 51. Rxd2 Rc3 52. Ra2 Ka5 53. Kd2 Rc4 54. g4 b5 55. h5 b4 56. Rc2 Rd4+ 57. Ke3 Rd6 58. Rc8 a3 59. Ra8+ Ra6 60. Rd8 a2 61. Rd1 b3 62. h6 Rxh6 63. Ra1 Kb4 0-1

[Event "Pan American-ch U18 Girls 24th"]
[Site "Pocos de Caldas"]
[Date "2013.07.27"]
[Round "2"]
[White "Parkhurst Casas, Miriam"]
[Black "Montilla Reyes, Jorcerys"]
[Result "1-0"]
[WhiteElo "1756"]
[BlackElo "2092"]
[PlyCount "119"]
[EventDate "2013.07.26"]
[EventType "swiss"]
[EventRounds "9"]
[EventCountry "BRA"]
[SourceTitle "EXT 2018"]
[Source "ChessBase"]
[SourceDate "2017.10.13"]
[SourceVersion "1"]
[SourceVersionDate "2017.10.13"]
[SourceQuality "1"]

1. e4 c5 2. Nf3 Nc6 3. d4 cxd4 4. Nxd4 Qb6 5. Nb3 Nf6 6. Nc3 e6 7. Be3 Qc7 8. a3 a6 9. Be2 Be7 10. 0-0 d6 11. f3 b5 12. Qd2 Ne5 13. Nd4 0-0 14. Rfd1 Bb7 15. Bf2 Rac8 16. Rac1 Nc4 17. Bxc4 bxc4 18. Na4 Ba8 19. Ne2 Rb8 20. Rb1 Rfd8 21. Qe3 d5 22. Bg3 e5 23. exd5 Nxd5 24. Qxe5 Bd6 25. Qg5 Bxg3 26. Qxg3 Qxg3 27. Nxg3 Ne3 28. Rxd8+ Rxd8 29. Nf1 Nxc2 30. Rc1 Nd4 31. Rxc4 Bc6 32. Nc3 Kf8 33. Kf2 Be8 34. Ne3 Nb3 35. Ncd5 Bb5 36. Rc3 Na5 37. a4 Bc6 38. Rc5 Bxd5 39. Rxd5 Rxd5 40. Nxd5 Nc4 41. b4 f6 42. a5 Nb2 43. Ke2 Ke8 44. Nc7+ Kd7 45. Nxa6 Kc6 46. Nc5 Nc4 47. Kd3 Ne5+ 48. Kc3 Kb5 49. Ne6 g5 50. Nd4+ Ka6 51. g3 h5 52. f4 gxf4 53. gxf4 Ng4 54. h3 Nf2 55. h4 Ng4 56. Kd3 Nh6 57. Ke4 Kb7 58. b5 Ka7 59. Nf5 Nf7 60. Kd5 1-0